Statistics for FC Barcelona 2017/18 Squad

Click here to take the quiz!

General Stats

  • This quiz has been taken 170 times
  • The average score is 19 of 23

Answer Stats

Jersey #NationalityPositionPlayer Name% Correct
10ArgentinaRWLionel Messi
99%
1GermanyGKMarc-André ter Stegen
97%
3SpainCBGerard Piqué
97%
6SpainLMDenis Suárez
97%
9UruguaySTLuis Suárez
97%
4CroatiaCMIvan Rakitić
94%
5SpainCDMSergio Busquets
94%
8SpainCMAndrés Iniesta
93%
11FranceLWOusmane Dembélé
91%
7TurkeyCMArda Turan
90%
2PortugalRBNélson Semedo
89%
18SpainLBJordi Alba
85%
23FranceCBSamuel Umtiti
85%
20SpainRBSergi Roberto
84%
14ArgentinaCBJavier Mascherano
78%
13NetherlandsGKJasper Cillessen
72%
21PortugalCMAndré Gomes
72%
12BrazilCMRafinha
72%
19FranceLBLucas Digne
70%
15BrazilCMPaulinho
67%
17SpainSTPaco Alcácer
65%
22SpainRBAleix Vidal
54%
16SpainRMGerard Deulofeu
38%

Score Distribution

Percentile by Number Answered

Percent of People with Each Score

Your Score History

You have not taken this quiz